Nová pravidla obchodu. 5 Dohoda o ochranných opatřeních

Dohodnutia účinného mnohostranného systému ochranných opatrení pre uplatňovanie článku XIX GATT a ich význam pre posilnenie záväzkov v oblasti obchodu a zlepšenie bezpečnostného prístupu na trhy. Závery k účinkom a realizácii Dohody. Nová dohoda o ochranných opatreniach a jej pozitívne prvky, ktoré...

Ausführliche Beschreibung

Gespeichert in:
Bibliographische Detailangaben
1. Verfasser: Jung, Z.
Format: Buchkapitel
Sprache:Tschechisch
Schlagworte:
Tags: Tag hinzufügen
Keine Tags, Fügen Sie das erste Tag hinzu!

MARC

LEADER 00000naa a2200000 4500
001 r017690
005 20221208131231.3
041 0 |a cze 
044 |a CZ 
245 1 0 |a Nová pravidla obchodu. 5  |b Dohoda o ochranných opatřeních  |c Z. Jung 
520 |a Dohodnutia účinného mnohostranného systému ochranných opatrení pre uplatňovanie článku XIX GATT a ich význam pre posilnenie záväzkov v oblasti obchodu a zlepšenie bezpečnostného prístupu na trhy. Závery k účinkom a realizácii Dohody. Nová dohoda o ochranných opatreniach a jej pozitívne prvky, ktoré prináša z hľadiska menších obchodných krajín. 
610 2 0 |a dohody obchodné 
610 2 0 |a politika obchodná 
610 2 0 |a Česko 
610 2 0 |a ochrana colná 
610 2 0 |a regulácia trhu 
610 2 0 |a opatrenia 
610 2 0 |a GATT 
610 2 0 |a trh zahraničný 
100 1 |a Jung, Z.